000 00558nam a2200181 i 4500
001 35712
003 ES-MaACL
005 20230906155208.0
007 t|
008 030213s1972 sp ||||1| spa d
100 1 _aBrockdorff, Werner.
_931839
245 1 0 _aComandos secretos de la Segunda Guerra Mundial... /
_cWerner Brockdorff ; [versión de Jesús Ruiz].
250 _a[1ª ed.].
260 _aBarcelona :
_bLuis de Caralt,
_c[1972]
300 _a423 p., 4 lám. ;
_c22 cm.
700 1 _aRuiz, Jesús.
_9100613
852 _aES-MaACL
_jC-42767
_bR.81789
999 _c35712
_d35712